| 000 | 01059nam a2200265Ia 4500 | ||
|---|---|---|---|
| 003 | OSt | ||
| 005 | 20221005111955.0 | ||
| 006 | a|||||r|||| 00| 0 | ||
| 007 | ta | ||
| 008 | 221004b |||||||| |||| 00| 0 san d | ||
| 020 |
_a8170801974 (hbk) _c300 |
||
| 024 | _a109822 | ||
| 037 |
_b99, 23/03/2011, Motilal Banarsidass Publishers Pvt. Ltd. _cTextual |
||
| 040 |
_aCRL _cCRL _bsan |
||
| 041 |
_2san _asan |
||
| 082 | _aO15,1x, 152P6.2 | ||
| 100 | _aपाण्डेय, ओमप्रकाश, संपा. | ||
| 245 | 0 | _aसदुक्तिकर्णमृतम् | |
| 246 | _aSaduktikarṇamṛutam | ||
| 260 |
_aवाराणसी _bचौचाम्बा संस्कृत सीरीज आफिस भारत _c2006 |
||
| 300 |
_a372पृ0 _ccm. |
||
| 650 | _aसंस्कृत साहित्य | ||
| 942 |
_hO15,1x, 152P6.2 _cTEXL _2cc |
||
| 999 |
_c1023459 _d1023459 |
||